Top 10 TEs of All Time - Statistics

General Stats
  • This quiz has been taken 19 times
  • The average score is 5 of 10
Answer Stats
Tight End % Correct
Rob Gronkowski
95%
Tony Gonzalez
84%
Shannon Sharpe
79%
Jason Witten
63%
Antonio Gates
58%
Kellen Winslow
53%
Mike Ditka
53%
Ozzie Newsome
32%
Dave Casper
16%
John Mackey
16%
No matching quizzes found
Score Distribution
Percent of People with Each Score
Percentile by Number Answered
Your Score History
You have not taken this quiz